Sūra-sāhitya : nava mūlyṅ̄kana. (Record no. 79252)

MARC details
000 -LEADER
fixed length control field 00648cam a22002411 4500
001 - CONTROL NUMBER
control field sa 68003123
003 - CONTROL NUMBER IDENTIFIER
control field DLC
005 - DATE AND TIME OF LATEST TRANSACTION
control field 20260227112450.0
008 - FIXED-LENGTH DATA ELEMENTS--GENERAL INFORMATION
fixed length control field 890920s1967 ii b 000 0 hin
010 ## - LIBRARY OF CONGRESS CONTROL NUMBER
LC control number sa 68003123
035 ## - SYSTEM CONTROL NUMBER
System control number (OCoLC)20374736
040 ## - CATALOGING SOURCE
Original cataloging agency DLC
Transcribing agency WaU
Modifying agency DLC
042 ## - AUTHENTICATION CODE
Authentication code premarc
050 00 - LIBRARY OF CONGRESS CALL NUMBER
Classification number PK2095.S8
Item number Z837
100 1# - MAIN ENTRY--PERSONAL NAME
Personal name Rawat, Chandrabhan,
Dates associated with a name 1925-
245 10 - TITLE STATEMENT
Title Sūra-sāhitya : nava mūlyṅ̄kana.
260 ## - PUBLICATION, DISTRIBUTION, ETC.
Date of publication, distribution, etc. [1967]
300 ## - PHYSICAL DESCRIPTION
Extent 506, [1] p.
Dimensions 22 cm.
500 ## - GENERAL NOTE
General note In Hindi.
504 ## - BIBLIOGRAPHY, ETC. NOTE
Bibliography, etc. note Bibliographical footnotes.
504 ## - BIBLIOGRAPHY, ETC. NOTE
Bibliography, etc. note List of additional references : p. [507]
600 00 - SUBJECT ADDED ENTRY--PERSONAL NAME
Personal name Sūradāsa,
Dates associated with a name 1483?-1563?

No items available.

Powered by Koha